Normal view
MARC view
- الالحاد والملحدون- تاريخ- الشعوبية
Entry Topical Term
001 - CONTROL NUMBER
- control field: 42436
003 - CONTROL NUMBER IDENTIFIER
- control field: JO-AjAnu
005 - DATE AND TIME OF LATEST TRANSACTION
- control field: 20230606081036.0
008 - FIXED-LENGTH DATA ELEMENTS
- fixed length control field: 230606|| aca||aabn | a|a d
040 ## - CATALOGING SOURCE
- Original cataloging agency: JO-AjAnu
- Transcribing agency: JO-AjAnu
150 ## - HEADING--TOPICAL TERM
- Topical term or geographic name entry element: الالحاد والملحدون- تاريخ- الشعوبية
670 ## - SOURCE DATA FOUND
- Source citation: Work cat.: (JO-AjAnu)21738: السامرائي، عبد الله سلوم, author 42435, الشعوبية حركة مضادة للإسلام و الأمة العربية